[La Cadena : oficinas: planta] /
Oficina para tienda de ropa proyectada por el arquitecto Julio de la Peña para el señor Pedro Sarquis Merrewe. La tienda Cadena estuvo ubicada sobre Avenida González Gallo, en Guadalajara, Jalisco. Esta lámina presenta la planta alta con los despachos del personal directivo.
Сохранить в:
| Главный автор: | |
|---|---|
| Формат: | Изображение |
| Предметы: | |
| Метки: |
Нет меток, Требуется 1-ая метка записи!
|
MARC
| LEADER | 00000nkm^a2200000^a^4500 | ||
|---|---|---|---|
| 001 | 000353991 | ||
| 005 | 20250521000000.0 | ||
| 009 | 20260310115123.114 | ||
| 037 | |a Acervo ITESO - Biblioteca | ||
| 041 | |a GRA | ||
| 082 | |a 720. 97206 |b PEÑ OFI CAD V. 32 | ||
| 100 | |a Peña, Julio de la |e (autor) | ||
| 240 | 1 | 1 | |a [Oficinas empresariales de Julio de la Peña] |
| 240 | 1 | 1 | |a [Ropa Cadena] |
| 240 | 1 | 1 | |a [Ropa Cadena: plantas] |
| 245 | 1 | 1 | |a [La Cadena : |b oficinas: planta] / |c J. de la Peña. |
| 255 | |a Escala 1 : 100 | ||
| 264 | 0 | |a Guadalajara, México : |b dibujo inédito, |c fecha no identificada | |
| 300 | |a 1 lámina en papel albanene | ||
| 300 | |a 1 dibujo arquitectónico : |b dibujo a lápiz y tinta negra ; |c 30.5 x 45.5 cm. | ||
| 336 | |a imagen fija bidimensional : |b sti |2 rdacontenido | ||
| 337 | |a sin mediación |b n |2 rdamedio | ||
| 338 | |a plano arquitectónico |b nz |2 rdasoporte | ||
| 520 | |a Oficina para tienda de ropa proyectada por el arquitecto Julio de la Peña para el señor Pedro Sarquis Merrewe. La tienda Cadena estuvo ubicada sobre Avenida González Gallo, en Guadalajara, Jalisco. Esta lámina presenta la planta alta con los despachos del personal directivo. | ||
| 562 | |a Libro o recurso maltratado | ||
| 649 | |a XX | ||
| 650 | |a Arquitectos Jaliscienses | ||
| 650 | |a Arquitectos Mexicanos | ||
| 650 | |a Artistas Jaliscienses | ||
| 650 | |a Artistas Mexicanos | ||
| 650 | |a Oficinas Empresariales - |z Guadalajara, Jalisco - |x Tema Principal | ||
| 650 | |a Oficinas Empresariales - |z Jalisco | ||
| 650 | |a Oficinas Empresariales - |z México | ||
| 650 | |a Planos Arquitectónicos - |x Tema Principal | ||
| 650 | |a Planos Arquitectónicos - |x Plantas | ||
| 650 | |a Dibujo Arquitectónico | ||
| 650 | |a Dibujo Técnico | ||
| 650 | |a Representación Arquitectónica | ||
| 650 | |a Diseño Arquitectónico | ||
| 650 | |a Arquitectura Moderna - |x Historia y Crítica | ||
| 650 | |a Arquitectura Jalisciense - |y 1960-1969 | ||
| 650 | |a Arquitectura Jalisciense - |y Siglo XX | ||
| 650 | |a Arquitectura Mexicana - |y 1960-1969 | ||
| 650 | |a Arquitectura Mexicana - |y Siglo XX | ||
| 650 | |a Arte Moderno - |x Historia y Crítica | ||
| 650 | |a Arte Jalisciense - |y 1960-1969 | ||
| 650 | |a Arte Jalisciense - |y Siglo XX | ||
| 650 | |a Arte Mexicano - |y 1960-1969 | ||
| 650 | |a Arte Mexicano - |y Siglo XX | ||
| 600 | |a Peña, Julio de la | ||
| 910 | |a Fondo Julio de la Peña Lomelín | ||
| 920 | |a Gráficos - Planos Arquitectónicos | ||
| 940 | |a Arquitectos Jaliscienses | ||
| 905 | |a 501 | ||
| 901 | |a 0500247897 |b IT2 |c ARQ |u 20250521 | ||
| 902 | |a https://opac.biblio.iteso.mx/vufind/Record/000353991 | ||